Formes des pays commençant par P. - Statistiques

Statistiques générales
  • Ce quiz a été pris 90 fois
  • Le résultat moyen est 8 sur 10
Statistiques - réponses
Par images Réponse % Correct
Portugal
100%
Pologne
94%
Pérou
92%
Pakistan
87%
Papouasie Nouvelle-Guinée
87%
Philippines
87%
Panama
83%
Pays-Bas
78%
Palaos
76%
Paraguay
66%
Aucun quiz correspondant
Distribution des résultats
% des personnes avec chaque résultat
Percentile par nombre de réponses
Votre historique - résultats
Vous n’avez pas pris ce quiz